00688nam a2200205 i 4500001000400000100002100004245008700025260005900112300002500171490003100196650001200227650001800239700002400257830003100281020001500312040000800327041000800335008004100343856009800384bgj1 aLODGE, Robert A.10aA Book of Short Stories /c[compiled] by Robert A. Lodge [and] Sarah E. Laubacher. aNew York :bHarcourt, Brace & World, Inc.,ccop. 1969. aVI, 310 pp ;c21 cm.1 aPerspectives in Literature 9aReaders 9aShort Stories1 aLAUBACHER, Sarah E. aPerspectives in Literature a0153368403 cBPK0 aeng s uk f |000 0 eng  uhttp://koha.tu.koszalin.pl/cgi-bin/koha/opac-detail.pl?biblionumber=48543yKatalog online BPK